| 000 | 00494nam a2200169Ia 4500 | ||
|---|---|---|---|
| 999 |
_c34974 _d34974 |
||
| 003 | OSt | ||
| 005 | 20200203144741.0 | ||
| 008 | 190216s9999||||xx |||||||||||||| ||und|| | ||
| 040 | _coclc | ||
| 082 |
_a320 _bRAJ/C |
||
| 100 |
_aRajshekar, V T _9345 |
||
| 245 | 0 |
_aChristian Institutions Under Brahminic Threat / _cV T Rajshekar |
|
| 260 |
_bDalit Sahitya Akademy, _c2011. _aBangalore: |
||
| 300 | _a16p | ||
| 650 | _aPolitics | ||
| 942 |
_cBK _2ddc _h320 _iRAJ/C _k320 _mRAJ/C |
||